书目信息 |
| 题名: |
精通NetWare 3.12实用技术(第五版)
|
|
| 作者: | D.Heywood | |
| 分册: | ||
| 出版信息: | 北京 清华大学出版社 1997.10 |
|
| 页数: | 490页 | |
| 开本: | 16开 | |
| 丛书名: | ||
| 单 册: | ||
| 中图分类: | TP393.07 | |
| 科图分类: | ||
| 主题词: | 计算机应用 | |
| 电子资源: | ||
| ISBN: | 7-302-02736-6 | |
| 000 | 00634nam0 2200205 45 | |
| 001 | 0005191735 | |
| 005 | 20000519171848.7 | |
| 010 | @a7-302-02736-6@d50.00元 | |
| 100 | @a20000519d1997 km y0chiy0120 ea | |
| 101 | @achi | |
| 105 | @a z 000yy | |
| 200 | 1 | @a精通NetWare 3.12实用技术(第五版)@AJing Tong NetWare 3.12 Shi Yong Ji Shu(Di Wu Ban)@fD.Heywood,E.Dulaney,Etc.@FD.Heywood,E.Dulaney,Etc. |
| 205 | @a1 | |
| 210 | @a北京@c清华大学出版社@d1997.10 | |
| 215 | @a490页@d16开 | |
| 606 | 0 | @a计算机应用 |
| 690 | @aTP393.07@v3 | |
| 701 | @aD.Heywood | |
| 801 | @aCN@bPftUser@c20000519 | |
| 905 | @f3@b56109-111@dTP393.07@eZ316=5 | |
| 精通NetWare 3.12实用技术(第五版)/D.Heywood,E.Dulaney,Etc.-1.-北京:清华大学出版社,1997.10 |
| 490页;16开 |
| ISBN 7-302-02736-6:50.00元 |
| ● |
| 相关链接 |
|
|
|
正题名:精通NetWare 3.12实用技术(第五版)
索取号:TP393.07/Z316=5
 
预约/预借
| 序号 | 登录号 | 条形码 | 馆藏地/架位号 | 状态 | 备注 |
| 1 | 56109 | 200561098 | 自科库301/301自科库 121排1列4层/ [索取号:TP393.07/Z316=5] | 在馆 | |
| 2 | 56110 | 200561105 | 自科库301/301自科库 121排1列4层/ [索取号:TP393.07/Z316=5] | 在馆 | |
| 3 | 56111 | 200561114 | 自科二线404/301自科库 116排1列4层/ [索取号:TP393.07/Z316=5] | 在馆 |